[Event "Arandjelovac op 2nd"]
[Site "Arandjelovac"]
[Date "2023.08.01"]
[Round "2"]
[White "Lazic, Miroljub"]
[Black "Savic, Robert"]
[Result "1-0"]
[WhiteElo "2320"]
[BlackElo "1908"]
[PlyCount "87"]
[EventDate "2023.07.31"]
[EventType "swiss"]
[EventRounds "9"]
[EventCountry "SRB"]
[SourceTitle "CBM 215 Extra"]
[Source "ChessBase"]
[SourceDate "2023.09.30"]
[SourceVersion "1"]
[SourceVersionDate "2023.09.30"]
[SourceQuality "1"]

1. g3 d5 2. Nf3 Nf6 3. Bg2 g6 4. c4 c6 5. b3 Bg7 6. Bb2 0-0 7. 0-0 b6 8. d4 Bb7 9. Nbd2 Nbd7 10. Rc1 Rc8 11. Qc2 c5 12. dxc5 dxc4 13. b4 bxc5 14. b5 Qa5 15. a4 Nb6 16. Ra1 Nfd5 17. Bxg7 Kxg7 18. Rfc1 Kg8 19. Nxc4 Nxc4 20. Qxc4 Nb6 21. Qc3 Qxc3 22. Rxc3 Nd5 23. Rcc1 Nb4 24. Ne5 Bxg2 25. Kxg2 Rfd8 26. Nc4 Rd7 27. Ra3 Rcc7 28. Kf3 f6 29. e3 Kf7 30. Ke2 e5 31. Nd2 f5 32. f3 Ke6 33. Rc4 Rd5 34. Rac3 a5 35. e4 Rd4 36. Rxc5 Rxc5 37. Rxc5 Kd6 38. Rc4 Na2 39. Rxd4+ exd4 40. Kd3 Nc3 41. Kxd4 Nxa4 42. Nc4+ Kc7 43. e5 g5 44. e6 1-0

[Event "Arandjelovac op 2nd"]
[Site "Arandjelovac"]
[Date "2023.07.31"]
[Round "1"]
[White "Savic, Robert"]
[Black "Radlovacki, Jovan"]
[Result "0-1"]
[WhiteElo "1908"]
[BlackElo "2262"]
[PlyCount "56"]
[EventDate "2023.07.31"]
[EventType "swiss"]
[EventRounds "9"]
[EventCountry "SRB"]
[SourceTitle "CBM 215 Extra"]
[Source "ChessBase"]
[SourceDate "2023.09.30"]
[SourceVersion "1"]
[SourceVersionDate "2023.09.30"]
[SourceQuality "1"]

1. d4 Nf6 2. Nf3 d6 3. g3 Nbd7 4. Bg2 e5 5. c4 Be7 6. Nc3 c6 7. e4 0-0 8. 0-0 a6 9. a4 a5 10. h3 Re8 11. Be3 Qc7 12. Qc2 Bf8 13. Rac1 g6 14. Rfe1 exd4 15. Nxd4 Bg7 16. Rcd1 Nc5 17. f4 Qb6 18. Bf2 Nfd7 19. Kh2 Qb4 20. Na2 Qxa4 21. b3 Qa3 22. Rb1 a4 23. b4 Nb3 24. Red1 Nf6 25. Ne2 Nxe4 26. Be1 Bf5 27. g4 Nc3 28. gxf5 Rxe2 0-1

[Event "Davos Challenge op"]
[Site "Davos"]
[Date "2022.06.04"]
[Round "2"]
[White "Savic, Robert"]
[Black "Sauter, Daniel"]
[Result "1-0"]
[WhiteElo "1925"]
[BlackElo "1689"]
[PlyCount "61"]
[EventDate "2022.06.03"]
[EventType "swiss"]
[EventRounds "7"]
[EventCountry "SUI"]
[SourceTitle "CBM 208 Extra"]
[Source "ChessBase"]
[SourceDate "2022.07.31"]
[SourceVersion "1"]
[SourceVersionDate "2022.07.31"]
[SourceQuality "1"]

1. d4 d5 2. Nf3 Nf6 3. c4 c6 4. g3 h6 5. Bg2 Bf5 6. Nc3 e6 7. Qb3 b6 8. Ne5 Qc7 9. cxd5 Nxd5 10. e4 Nxc3 11. Qxc3 Bh7 12. Bf4 Bd6 13. Rc1 0-0 14. Nxc6 Bxf4 15. gxf4 Nxc6 16. e5 Rac8 17. Bxc6 Qe7 18. f3 Qh4+ 19. Ke2 Qxf4 20. Qe3 Qxe3+ 21. Kxe3 Rc7 22. Rc3 Rfc8 23. Rhc1 Kf8 24. Bb5 Rxc3+ 25. Rxc3 Rxc3+ 26. bxc3 Ke7 27. c4 Bb1 28. a3 Ba2 29. Kd3 f6 30. Kc3 fxe5 31. dxe5 1-0

[Event "Davos op 20th"]
[Site "Davos"]
[Date "2021.06.12"]
[Round "2"]
[White "Loeffler, Markus"]
[Black "Savic, Robert"]
[Result "1/2-1/2"]
[WhiteElo "2291"]
[BlackElo "1919"]
[PlyCount "28"]
[EventDate "2021.06.11"]
[EventType "swiss"]
[EventRounds "5"]
[EventCountry "SUI"]
[SourceTitle "CBM 203 Extra"]
[Source "ChessBase"]
[SourceDate "2021.09.30"]
[SourceVersion "1"]
[SourceVersionDate "2021.09.30"]
[SourceQuality "1"]

1. e4 c5 2. Nc3 e6 3. Nf3 a6 4. d4 cxd4 5. Nxd4 Qc7 6. Qf3 Nf6 7. Bg5 Be7 8. 0-0-0 d6 9. g4 Bd7 10. Qg3 Nc6 11. f4 Nxd4 12. Rxd4 Bc6 13. Bg2 h6 14. Bxf6 Bxf6 1/2-1/2

[Event "Davos Summer op"]
[Site "Davos"]
[Date "2020.07.12"]
[Round "5"]
[White "Savic, Robert"]
[Black "Rempe, Jonas"]
[Result "1/2-1/2"]
[WhiteElo "1928"]
[BlackElo "1801"]
[PlyCount "64"]
[EventDate "2020.07.09"]
[EventType "swiss"]
[EventRounds "5"]
[EventCountry "SUI"]
[SourceTitle "CBM 197 Extra"]
[Source "ChessBase"]
[SourceDate "2020.09.30"]
[SourceVersion "1"]
[SourceVersionDate "2020.09.30"]
[SourceQuality "1"]

1. d4 Nf6 2. c4 g6 3. Nf3 Bg7 4. g3 0-0 5. Bg2 d6 6. 0-0 Nbd7 7. Nc3 e5 8. e4 c6 9. b3 Qb6 10. Bb2 exd4 11. Na4 Qc7 12. Nxd4 Nc5 13. Nc3 Nfd7 14. h3 Ne5 15. Nce2 f5 16. exf5 gxf5 17. Nf4 Ng6 18. Nh5 Bh8 19. f4 Ne6 20. Nxe6 Bxe6 21. Bxh8 Nxh8 22. Qd4 Qb6 23. Rad1 Rad8 24. Kh2 Qxd4 25. Rxd4 Bf7 26. Bf3 Bxh5 27. Bxh5 Ng6 28. Re1 Rf6 29. Rd3 d5 30. cxd5 Rfd6 31. Bxg6 hxg6 32. Red1 cxd5 1/2-1/2

[Event "Stein am Rhein op 11th"]
[Site "Stein am Rhein"]
[Date "2020.02.08"]
[Round "2"]
[White "Gmuer, Simon"]
[Black "Savic, Robert"]
[Result "0-1"]
[WhiteElo "1762"]
[BlackElo "1958"]
[PlyCount "71"]
[EventDate "2020.02.07"]
[EventType "swiss"]
[EventRounds "5"]
[EventCountry "SUI"]
[SourceTitle "CBM 195 Extra"]
[Source "ChessBase"]
[SourceDate "2020.05.31"]
[SourceVersion "1"]
[SourceVersionDate "2020.05.31"]
[SourceQuality "1"]

1. e4 c5 2. Nf3 d6 3. d4 cxd4 4. Nxd4 Nf6 5. Nc3 a6 6. h3 e5 7. Nde2 h5 8. Bg5 Be6 9. Qd2 Nbd7 10. g3 Be7 11. f4 g6 12. Bg2 Qc7 13. Rf1 Bc4 14. a4 Rc8 15. Rf2 Bxe2 16. Qxe2 Qa5 17. Kf1 Qb4 18. Re1 Qxb2 19. Bxf6 Nxf6 20. Nd5 Nxd5 21. exd5 0-0 22. f5 Bf6 23. Be4 Kg7 24. g4 Bh4 25. gxh5 Bxf2 26. Qxf2 gxf5 27. h6+ Kxh6 28. Qxf5 Rg8 29. Qf6+ Rg6 30. Qxf7 Rcg8 31. Bxg6 Rxg6 32. Qf8+ Kg5 33. h4+ Kxh4 34. Re4+ Kg5 35. Qe7+ Rf6+ 36. Qxf6+ 0-1

[Event "Paracin Summer op-A 12th"]
[Site "Paracin"]
[Date "2019.07.12"]
[Round "9"]
[White "Jonsson, Gauti Pall"]
[Black "Savic, Robert"]
[Result "1-0"]
[WhiteElo "2080"]
[BlackElo "1929"]
[PlyCount "99"]
[EventDate "2019.07.05"]
[EventType "swiss"]
[EventRounds "9"]
[EventCountry "SRB"]
[SourceTitle "EXT 2022"]
[Source "ChessBase"]
[SourceDate "2021.10.06"]
[SourceVersion "1"]
[SourceVersionDate "2021.10.06"]
[SourceQuality "1"]

1. c4 e5 2. g3 Nf6 3. Bg2 d5 4. cxd5 Nxd5 5. Nc3 Ne7 6. Nf3 Nbc6 7. 0-0 g6 8. Rb1 Bg7 9. b4 a6 10. a4 0-0 11. b5 Nd4 12. Nxd4 exd4 13. Ne4 axb5 14. axb5 Ra7 15. d3 b6 16. Bg5 h6 17. Bxe7 Qxe7 18. Nd2 Be6 19. Bc6 h5 20. Nf3 Bh3 21. Re1 Bf6 22. Qd2 Kg7 23. Ra1 Rxa1 24. Rxa1 Rd8 25. Re1 h4 26. Qf4 hxg3 27. fxg3 Rd6 28. Kh1 g5 29. Qd2 Bf5 30. Rf1 Kg6 31. Qe1 Re6 32. Qf2 Bh3 33. Re1 Re3 34. Be4+ Kg7 35. Nd2 Bd7 36. Rb1 g4 37. Qg2 Bg5 38. Nc4 f5 39. Nxe3 Bxe3 40. Bc6 Be6 41. Rf1 Qc5 42. h3 gxh3 43. Qxh3 Bd5+ 44. Bxd5 Qxd5+ 45. Kh2 Qa2 46. Qxf5 Qxe2+ 47. Kh3 Qa2 48. Qf8+ Kg6 49. Rf6+ Kh5 50. g4+ 1-0

[Event "Niederrhein-ch"]
[Site "Niederrhein"]
[Date "1996.04.06"]
[Round "9"]
[White "Savic, Robert"]
[Black "Henneberger, Sven"]
[Result "1/2-1/2"]
[WhiteElo "1978"]
[BlackElo "1903"]
[PlyCount "122"]
[EventDate "1996.03.29"]
[EventType "swiss"]
[EventRounds "9"]
[EventCountry "GER"]
[SourceTitle "EXT 2006"]
[Source "ChessBase"]
[SourceDate "2005.11.24"]
[SourceVersion "1"]
[SourceVersionDate "2005.11.24"]
[SourceQuality "1"]

1. d4 e6 2. Nf3 d5 3. c4 Nf6 4. Bg5 Be7 5. Nc3 c6 6. e3 0-0 7. Rc1 Nbd7 8. Bd3 dxc4 9. Bxc4 b5 10. Bd3 Bb7 11. 0-0 h6 12. Bh4 a6 13. Qe2 Rc8 14. Rfd1 Nd5 15. Bxe7 Qxe7 16. Nxd5 exd5 17. Bf5 g6 18. Bxd7 Qxd7 19. Ne5 Qf5 20. Qg4 Qxg4 21. Nxg4 Kg7 22. Ne5 Rc7 23. Rc2 Kf6 24. Rdc1 Rfc8 25. Nd3 a5 26. Nc5 Ba8 27. a4 b4 28. Nb3 c5 29. Rxc5 Rxc5 30. Rxc5 Rxc5 31. Nxc5 Ke7 32. Kf1 Bc6 33. Ke2 f5 34. Kf3 Kf6 35. Ke2 g5 36. f3 h5 37. Kd2 h4 38. g3 hxg3 39. hxg3 g4 40. f4 Ke7 41. Nb3 Bxa4 42. Nxa5 Kd7 43. Nb7 Bb5 44. Kc2 Ba4+ 45. Kb1 Bb5 46. Nc5+ Kc6 47. Kc2 Be2 48. Kd2 Bf3 49. Ne6 Be4 50. Ng5 Bb1 51. Ne6 Be4 52. Nc5 Bf3 53. Kc2 Kb5 54. Kd3 Kc6 55. Nb3 Be4+ 56. Ke2 Bf3+ 57. Kd2 Be4 58. Nc1 Kb6 59. Nd3 Bxd3 60. Kxd3 Kc6 61. Kc2 Kb6 1/2-1/2

[Event "Niederrhein-ch"]
[Site "Niederrhein"]
[Date "1996.04.04"]
[Round "7"]
[White "Savic, Robert"]
[Black "Vogel, Christian"]
[Result "1/2-1/2"]
[WhiteElo "1978"]
[BlackElo "1999"]
[PlyCount "39"]
[EventDate "1996.03.29"]
[EventType "swiss"]
[EventRounds "9"]
[EventCountry "GER"]
[SourceTitle "EXT 2006"]
[Source "ChessBase"]
[SourceDate "2005.11.24"]
[SourceVersion "1"]
[SourceVersionDate "2005.11.24"]
[SourceQuality "1"]

1. d4 Nf6 2. c4 g6 3. Nc3 Bg7 4. e4 d6 5. f3 0-0 6. Bg5 a6 7. Qd2 Nc6 8. Nge2 Rb8 9. d5 Na5 10. Ng3 c5 11. Bd3 b5 12. cxb5 c4 13. Be2 axb5 14. 0-0 b4 15. Nd1 Nd7 16. Rc1 Ba6 17. Bh6 Qb6+ 18. Kh1 Rfc8 19. Bxg7 Kxg7 20. Ne3 1/2-1/2

[Event "Niederrhein-ch"]
[Site "Niederrhein"]
[Date "1996.04.01"]
[Round "4"]
[White "Poess, Frank"]
[Black "Savic, Robert"]
[Result "1/2-1/2"]
[WhiteElo "2007"]
[BlackElo "1978"]
[PlyCount "40"]
[EventDate "1996.03.29"]
[EventType "swiss"]
[EventRounds "9"]
[EventCountry "GER"]
[SourceTitle "EXT 2006"]
[Source "ChessBase"]
[SourceDate "2005.11.24"]
[SourceVersion "1"]
[SourceVersionDate "2005.11.24"]
[SourceQuality "1"]

1. e4 c5 2. Nc3 Nc6 3. g3 g6 4. Bg2 Bg7 5. d3 e6 6. Be3 d6 7. Qd2 Rb8 8. Nf3 Nd4 9. 0-0 Ne7 10. Nh4 0-0 11. Rae1 b5 12. Nd1 b4 13. c3 bxc3 14. bxc3 Ndc6 15. f4 Qa5 16. f5 f6 17. fxg6 hxg6 18. Bh6 Ne5 19. Bxg7 Kxg7 20. Nf2 Ba6 1/2-1/2